000 00519cam a2200205ua 4500
020 _c4.00
041 _aeng
_h
082 _a425
_bSOA/SE
100 _aSoares, Anthony X .
245 _aSenior courses in English composition /
_cAnthony X Soares.
_hTextual Documents
250 _a9 /
_b.
260 _aCalcutta :
_bOxford University Press ,
_c1964.
300 _a332 ; .
365 _a4.00
504 _a
700 1 _aMajumdar, M.N .
942 _cBK
999 _c12444
_d12444